A logikusság forrásai
Elmentve itt :
| Szerző: | |
|---|---|
| Adatforrás: | Meister |
| Forrásdokumentuma: | Erdélyi Múzeum. - 3-4 sz., 1998, 168-178 p. |
| Nyelv: | magyar |
| Kulcsszavak: | tudásszociológia logikai ontológia logika DURKHEIM Emile MERTON Robert PIAGET Jean QUINE Willard van Orman BENVENISTE E. GELLETY A. LEJEWSKI C. |
| LEADER | 00601nab a2200229 i 4500 | ||
|---|---|---|---|
| 001 | bibPRO00008322 | ||
| 008 | 060524s1998 xx hun | ||
| 040 | |a Sz1 | ||
| 041 | |a hun | ||
| 100 | 1 | |a GÁL László | |
| 245 | 1 | 2 | |a A logikusság forrásai |c GÁL László |
| 695 | |a tudásszociológia | ||
| 695 | |a logikai ontológia | ||
| 695 | |a logika | ||
| 695 | |a DURKHEIM Emile | ||
| 695 | |a MERTON Robert | ||
| 695 | |a PIAGET Jean | ||
| 695 | |a QUINE Willard van Orman | ||
| 695 | |a BENVENISTE E. | ||
| 695 | |a GELLETY A. | ||
| 695 | |a LEJEWSKI C. | ||
| 773 | 0 | |t Erdélyi Múzeum. - |g 3-4 sz., 1998, 168-178 p. | |